| 000 | 00739nam a2200229 i 4500 | ||
|---|---|---|---|
| 001 | bg | ||
| 100 | 1 | _aGutkowski, Bogdan. | |
| 245 | 1 | 0 |
_aAktualne przepisy w ochronie środowiska : _bsuplement nr 1 do poradnika - wyd. 2000 / _c[Bogdan Gutkowski] ; Agencja Ochrony Środowiska w Koszalinie. |
| 260 |
_aKoszalin : _bAOŚ, _c2001. |
||
| 300 |
_a75 s. ; _c30 cm. |
||
| 500 | _aVerso kart nie zadrukowane. | ||
| 650 | 9 |
_aŚrodowisko człowieka _xochrona _xprawo _zPolska _ystan na 1999 r. |
|
| 710 | 0 | _aAgencja Ochrony Środowiska (Koszalin) | |
| 020 | _a8391534502 | ||
| 040 | _cBPK | ||
| 041 | 0 | _apol | |
| 080 | _a504 | ||
| 080 | _a349.6(438) | ||
| 920 | _a83-915345-0-2 | ||
| 942 | _cKS | ||
| 008 | s pl f |000 0 pol | ||
| 999 |
_c39226 _d39226 |
||
| 856 |
_uhttp://koha.tu.koszalin.pl/cgi-bin/koha/opac-detail.pl?biblionumber=39226 _yKatalog online BPK |
||